| 000 | 00855cab a2200241 4500 | ||
|---|---|---|---|
| 001 | WB3113-46 | ||
| 008 | 090401t1995 xxu||||| |||| 00| 0 eng d | ||
| 035 | _a(Sirsi) u41204 | ||
| 041 | _aeng | ||
| 245 | _aNegligence | ||
| 260 | _c1995 | ||
| 350 | _a0 | ||
| 490 |
_aEstates Gazette Case Summaries _v(1995) EGCS 46 (25/3/95) |
||
| 520 | _a"Britannic Securities & Investments Ltd v Hirani Watson (a firm)" ChD 15 March 1995. B claimed negligence by H through a partner who allegedly overvalued land offered as security for a loan which the borrower failed to repay. Judgment for B. | ||
| 650 | _aBRITANNIC SECURITIES & INVESTMENTS LTD V HIRANI WATSON | ||
| 650 | _aNEGLIGENCE | ||
| 650 | _aOPEN MARKET VALUE | ||
| 650 | _aOVERVALUATION | ||
| 650 | _aVALUERS | ||
| 690 | _aRATING AND VALUATION-CASE LAW | ||
| 942 | _n0 | ||
| 948 | _c04/03/1997 | ||
| 999 |
_c26470 _d26470 |
||